[Event "Saint Louis GM 2014.11"]
[Site "Saint Louis USA"]
[Date "2014.11.25"]
[Round "8.5"]
[White "Shoker, Samy"]
[Black "Panjwani, Raja"]
[Result "1-0"]
[WhiteElo "2474"]
[BlackElo "2474"]
[PlyCount "93"]
[EventDate "2014.11.21"]
[EventType "tourn"]
[EventRounds "9"]
[EventCountry "USA"]
[EventCategory "9"]
[Source "Chess Mix"]

1. g3 g6 2. Bg2 Bg7 3. Nf3 e5 4. d3 Ne7 5. O-O O-O 6. c4 c5 7. Nc3 Nbc6 8. a3
d6 9. Rb1 a5 10. Bd2 Rb8 11. Qa4 h6 12. Nb5 Be6 13. b4 axb4 14. axb4 cxb4 15.
Bxb4 Nxb4 16. Qxb4 d5 17. Nd2 b6 18. Rfc1 Nc6 19. Qa3 Nd4 20. Nxd4 exd4 21. Rb5
dxc4 22. Nxc4 Bxc4 23. Rxc4 Re8 24. Qa2 Re5 25. Rxe5 Bxe5 26. Bd5 Qe7 27. Ra4
Rc8 28. Ra6 Rc1+ 29. Kg2 Bc7 30. Ra7 Kg7 31. Qb2 Qc5 32. e4 Rc2 33. Qb3 Rc3 34.
Qd1 Qe7 35. Rb7 Rc5 36. Qa4 Qf6 37. Bc4 Qd8 38. Qa2 Rh5 39. Bxf7 Qc8 40. Qe6
Qxe6 41. Bxe6 Rc5 42. Bc4 Kf6 43. f4 Ke7 44. Kf3 Kd8 45. e5 Ra5 46. e6 b5 47.
Bxb5 1-0

[Event "Saint Louis GM 2014.11"]
[Site "Saint Louis USA"]
[Date "2014.11.26"]
[Round "9.5"]
[White "Panjwani, Raja"]
[Black "Sevian, Samuel"]
[Result "1/2-1/2"]
[WhiteElo "2421"]
[BlackElo "2421"]
[PlyCount "128"]
[EventDate "2014.11.21"]
[EventType "tourn"]
[EventRounds "9"]
[EventCountry "USA"]
[EventCategory "9"]
[Source "Chess Mix"]

1. Nf3 d5 2. d4 Nf6 3. c4 e6 4. Nc3 c6 5. cxd5 exd5 6. Bg5 Be7 7. e3 Bf5 8. Nh4
Bg6 9. Nxg6 hxg6 10. Bd3 Nbd7 11. Qc2 Nh5 12. Bxe7 Qxe7 13. O-O-O Nb6 14. g4
Nf6 15. g5 Nfd7 16. h4 Nf8 17. e4 Rxh4 18. Rxh4 Qxg5+ 19. Kb1 Qxh4 20. exd5
cxd5 21. Bb5+ Nfd7 22. a4 a5 23. Qb3 Qf6 24. Re1+ Kd8 25. Rh1 Qxd4 26. Rd1 Qb4
27. Qxb4 axb4 28. Nxd5 Kc8 29. Re1 Kb8 30. Nxb6 Nxb6 31. Re7 Ra5 32. Rxf7 Nxa4
33. Bxa4 Rxa4 34. Rxg7 Ra6 35. Kc2 Rf6 36. f4 Ka7 37. Kb3 Ka6 38. Re7 Rxf4 39.
Re6+ Ka5 40. Rxg6 Rf3+ 41. Kc2 Ka4 42. Rg1 Rf2+ 43. Kb1 b6 44. Ka2 b3+ 45. Kb1
Kb4 46. Rc1 Re2 47. Rh1 b5 48. Rg1 Rc2 49. Rh1 Rg2 50. Rc1 Re2 51. Rc3 Re4 52.
Rc1 Rd4 53. Rh1 Kc4 54. Rc1+ Kd5 55. Re1 Rd2 56. Rh1 Re2 57. Rg1 Ke4 58. Rc1 b4
59. Rh1 Kd3 60. Rh3+ Re3 61. Rxe3+ Kxe3 62. Ka1 Kd2 63. Kb1 Kd1 64. Ka1 Kc2
1/2-1/2

[Event "Washington int."]
[Site "Rockville USA"]
[Date "2014.08.09"]
[Round "2.5"]
[White "Panjwani, Raja"]
[Black "Margvelashvili, Giorgi"]
[Result "1/2-1/2"]
[WhiteElo "2423"]
[BlackElo "2556"]
[PlyCount "79"]
[EventDate "2014.08.09"]
[EventType "swiss"]
[EventRounds "9"]
[EventCountry "USA"]
[Source "Chess Mix"]
[SourceDate "2014.08.01"]

1. Nf3 Nf6 2. c4 e6 3. Nc3 d5 4. d4 Bb4 5. Qb3 c5 6. Bg5 Nbd7 7. cxd5 exd5 8.
a3 Bxc3+ 9. Qxc3 c4 10. Nd2 h6 11. Bh4 O-O 12. e3 Qe8 13. f3 b5 14. Be2 a5 15.
Bf2 b4 16. Qc1 Bb7 17. O-O Qe7 18. Bd1 Rfc8 19. axb4 axb4 20. Rxa8 Bxa8 21. Bc2
Nb6 22. Bf5 Rd8 23. Re1 Ne8 24. Bb1 Nc7 25. e4 Ne6 26. exd5 Bxd5 27. Qc2 g6 28.
Ne4 Bxe4 29. Qxe4 Qf6 30. Qc6 Nd5 31. Qxc4 Ndf4 32. Qxb4 Qg5 33. Bg3 Rxd4 34.
Qc3 Rd2 35. Kh1 Ne2 36. Qe5 Nxg3+ 37. Qxg3 Rxb2 38. Qxg5 hxg5 39. Bd3 Nf4 40.
Bf1 1/2-1/2

[Event "Washington int."]
[Site "Rockville USA"]
[Date "2014.08.10"]
[Round "3.5"]
[White "Holt, Conrad"]
[Black "Panjwani, Raja"]
[Result "1/2-1/2"]
[WhiteElo "2574"]
[BlackElo "2423"]
[PlyCount "113"]
[EventDate "2014.08.09"]
[EventType "swiss"]
[EventRounds "9"]
[EventCountry "USA"]
[Source "Chess Mix"]
[SourceDate "2014.08.01"]

1. d4 Nf6 2. c4 g6 3. Nc3 Bg7 4. e4 d6 5. Nf3 O-O 6. h3 e5 7. d5 a5 8. Bg5 Na6
9. Nd2 Qe8 10. Be2 Nd7 11. a3 f6 12. Bh4 Nb6 13. b3 Bh6 14. O-O Nc5 15. Rb1 Bf4
16. Qc2 g5 17. Bg3 Qg6 18. Bxf4 gxf4 19. Bg4 Bxg4 20. hxg4 Qxg4 21. b4 axb4 22.
axb4 Nca4 23. f3 Qd7 24. Ne2 c5 25. bxc5 dxc5 26. Kf2 Nc8 27. g3 Nd6 28. gxf4
b5 29. Rh1 b4 30. Rh5 Nb6 31. fxe5 fxe5 32. Rxe5 Nbxc4 33. Rg5+ Kh8 34. Nxc4
Ra2 35. Qxa2 Nxe4+ 36. Ke3 Nxg5 37. Qb2+ Kg8 38. Ne5 Qxd5 39. Rg1 h6 40. f4
Qe4+ 41. Kd2 c4 42. Qxb4 Rxf4 43. Qb6 c3+ 44. Ke1 c2 45. Qc5 Rf5 46. Qc8+ Kh7
47. Qc7+ Nf7 48. Kd2 Rf2 49. Qc4 Qxe5 50. Qxc2+ Qf5 51. Qxf5+ Rxf5 52. Ng3 Rg5
53. Ne2 Kg6 54. Ke3 Rxg1 55. Nxg1 h5 56. Kf4 h4 57. Kg4 1/2-1/2

[Event "Washington int."]
[Site "Rockville USA"]
[Date "2014.08.10"]
[Round "4.6"]
[White "Panjwani, Raja"]
[Black "Chirila, Ioan Christian"]
[Result "1/2-1/2"]
[WhiteElo "2423"]
[BlackElo "2515"]
[PlyCount "81"]
[EventDate "2014.08.09"]
[EventType "swiss"]
[EventRounds "9"]
[EventCountry "USA"]
[Source "Chess Mix"]
[SourceDate "2014.08.01"]

1. Nf3 Nf6 2. c4 g6 3. Nc3 d5 4. cxd5 Nxd5 5. g3 Bg7 6. Bg2 O-O 7. d4 Nb6 8.
O-O Nc6 9. d5 Na5 10. Qc2 c6 11. dxc6 Nxc6 12. Rd1 Qe8 13. Be3 Bf5 14. Qc1 Rc8
15. Nd4 Nxd4 16. Bxd4 Bxd4 17. Rxd4 e5 18. Rd1 Qe7 19. a4 a5 20. Qe3 Qb4 21.
Bxb7 Nc4 22. Qf3 Rb8 23. Ba6 Nxb2 24. Rdc1 Rfd8 25. Bb5 Qd4 26. e4 Be6 27. Nd5
Bxd5 28. exd5 e4 29. Qf4 Qxd5 30. Rab1 Rxb5 31. axb5 Nd3 32. Qd2 Nxc1 33. Qxc1
Rb8 34. b6 Rb7 35. Rb5 Qd8 36. Qc6 Qb8 37. Rxa5 Rxb6 38. Qxe4 Rb1+ 39. Kg2 Rb7
40. Re5 Kf8 41. Re8+ 1/2-1/2

[Event "Washington int."]
[Site "Rockville USA"]
[Date "2014.08.12"]
[Round "7"]
[White "Panjwani, Raja"]
[Black "Zherebukh, Yaroslav"]
[Result "0-1"]
[WhiteElo "2423"]
[BlackElo "2625"]
[PlyCount "72"]
[EventDate "2014.08.09"]
[EventType "swiss"]
[EventRounds "9"]
[EventCountry "USA"]
[Source "Chess Mix"]
[SourceDate "2014.08.01"]

1. Nf3 d5 2. d4 Nf6 3. c4 c6 4. e3 g6 5. Nc3 Bg7 6. Be2 O-O 7. O-O dxc4 8. Bxc4
Ne8 9. Ne5 Nd6 10. Bb3 a5 11. f4 b5 12. Qf3 Qb6 13. g4 a4 14. Bc2 Bb7 15. f5 c5
16. Nd5 Bxd5 17. Qxd5 Qb7 18. Qxb7 Nxb7 19. Be4 Ra7 20. Nf3 Nd6 21. Bd5 Nd7 22.
dxc5 Nxc5 23. Nd4 Nd3 24. Nc6 Rc7 25. e4 Rfc8 26. e5 Nxe5 27. Nxe7+ Rxe7 28. f6
Bxf6 29. Rxf6 Nxg4 30. Rf1 Ne3 31. Bxe3 Rxe3 32. Rf6 Rd8 33. Rd1 Kg7 34. Rf4
Nf5 35. Rb4 Re5 36. Bf3 Rxd1+ 0-1

[Event "CAN-op"]
[Site "Montreal CAN"]
[Date "2014.07.19"]
[Round "1"]
[White "Panjwani, Raja"]
[Black "Fleitas, Yuleikys"]
[Result "1-0"]
[WhiteElo "2432"]
[BlackElo "2163"]
[PlyCount "55"]
[EventDate "2014.07.19"]
[EventType "swiss"]
[EventRounds "9"]
[EventCountry "CAN"]

1. Nf3 d5 2. d4 Nf6 3. c4 c6 4. Nc3 dxc4 5. a4 Bf5 6. Nh4 Bg6 7. Nxg6 hxg6 8.
e4 e6 9. Bxc4 Bb4 10. O-O Qc7 11. e5 Nbd7 12. Bd2 a5 13. Rc1 Rd8 14. Qe1 Ng4
15. Qe2 Nxh2 16. Rfd1 Nb6 17. Ne4 Bxd2 18. Rxd2 Nxc4 19. Rxc4 f5 20. Nd6+ Rxd6
21. exd6 Qxd6 22. Qe5 Qxe5 23. dxe5 Ng4 24. Rc5 Ke7 25. Rxa5 Rd8 26. Rxd8 Kxd8
27. f3 Ne3 28. Ra8+ 1-0

[Event "CAN-op"]
[Site "Montreal CAN"]
[Date "2014.07.20"]
[Round "2"]
[White "Tiviakov, Sergei"]
[Black "Panjwani, Raja"]
[Result "1-0"]
[WhiteElo "2656"]
[BlackElo "2432"]
[PlyCount "99"]
[EventDate "2014.07.19"]
[EventType "swiss"]
[EventRounds "9"]
[EventCountry "CAN"]

1. e4 e6 2. d4 d5 3. Nd2 c5 4. exd5 exd5 5. Ngf3 Nc6 6. Bb5 Bd6 7. O-O cxd4 8.
Nb3 Nge7 9. Nbxd4 O-O 10. h3 Nxd4 11. Nxd4 Bc7 12. Re1 Qd6 13. Nf3 Ng6 14. Bd3
f6 15. c4 Ne5 16. cxd5 Nxd3 17. Qxd3 Rd8 18. Qc4 Bb6 19. Be3 Qxd5 20. Qxd5+
Rxd5 21. Bxb6 axb6 22. Re8+ Kf7 23. Rae1 Rd1 24. Rh8 Rxe1+ 25. Nxe1 b5 26. Nc2
b6 27. Nd4 Ra4 28. Nxb5 Bd7 29. Nc3 Rd4 30. Rb8 Rd6 31. h4 f5 32. Kf1 Kg6 33.
Ke2 Kh5 34. g3 Kg4 35. Rf8 g6 36. a4 Be6 37. Ke1 Bd7 38. Rf7 h5 39. Re7 Bc6 40.
Re5 Bf3 41. Ne2 Bd5 42. Re3 Bf3 43. Re5 Bd5 44. Nd4 f4 45. Rg5+ Kh3 46. Ne2 Bf3
47. Rxg6 Rd7 48. Ng1+ Kg2 49. gxf4+ Bg4 50. f3 1-0

[Event "CAN-op"]
[Site "Montreal CAN"]
[Date "2014.07.20"]
[Round "3"]
[White "Panjwani, Raja"]
[Black "Cao, Jason"]
[Result "0-1"]
[WhiteElo "2432"]
[BlackElo "2177"]
[PlyCount "82"]
[EventDate "2014.07.19"]
[EventType "swiss"]
[EventRounds "9"]
[EventCountry "CAN"]

1. d4 Nf6 2. Nf3 e6 3. c4 b6 4. a3 Bb7 5. Nc3 d5 6. Bg5 Be7 7. Qa4+ c6 8. Bxf6
Bxf6 9. cxd5 exd5 10. g3 O-O 11. Bg2 Na6 12. O-O Nc7 13. Rfd1 Re8 14. e3 Qe7
15. Ne1 g6 16. Nd3 h5 17. Rac1 Ne6 18. Nb4 Rec8 19. Nc2 h4 20. Qb4 hxg3 21.
hxg3 Qd7 22. f4 Ba6 23. Qa4 Bc4 24. Nb4 Qe8 25. Qc2 Ng7 26. e4 a5 27. Nxc6 Rxc6
28. exd5 Rcc8 29. Ne4 Qd8 30. d6 Ra7 31. g4 Be6 32. Qf2 Bxg4 33. Rxc8 Bxc8 34.
d5 Bh4 35. Qd4 Bf5 36. Rc1 Bxe4 37. Qxe4 Qxd6 38. Rc8+ Kh7 39. f5 Nxf5 40. Qe8
Qf6 41. d6 Qd4+ 0-1

[Event "CAN-op"]
[Site "Montreal CAN"]
[Date "2014.07.21"]
[Round "4"]
[White "Sapozhnikov, Roman"]
[Black "Panjwani, Raja"]
[Result "0-1"]
[WhiteElo "2299"]
[BlackElo "2432"]
[PlyCount "64"]
[EventDate "2014.07.19"]
[EventType "swiss"]
[EventRounds "9"]
[EventCountry "CAN"]

1. d4 Nf6 2. c4 g6 3. Nc3 Bg7 4. Nf3 d6 5. Bg5 h6 6. Bh4 g5 7. Bg3 Nh5 8. e3 e6
9. Qc2 Nc6 10. Be2 Bd7 11. Nd2 Nxg3 12. hxg3 O-O 13. O-O-O a6 14. f4 f5 15. Nf3
g4 16. Nh4 Qe8 17. Rd2 b5 18. Nd1 bxc4 19. Qxc4 Rb8 20. Nc3 d5 21. Qxa6 Ra8 22.
Qb7 Ra7 23. Qb3 Qa8 24. a4 Rb8 25. Bb5 Na5 26. Qc2 Bxb5 27. Nxf5 exf5 28. Qxf5
Nb3+ 29. Kd1 Rxa4 30. Qe6+ Kh7 31. Qf5+ Kh8 32. Qe6 Ra1+ 0-1

[Event "CAN-op"]
[Site "Montreal CAN"]
[Date "2014.07.22"]
[Round "5"]
[White "Panjwani, Raja"]
[Black "Plotkin, Victor"]
[Result "1-0"]
[WhiteElo "2432"]
[BlackElo "2275"]
[PlyCount "75"]
[EventDate "2014.07.19"]
[EventType "swiss"]
[EventRounds "9"]
[EventCountry "CAN"]

1. Nf3 d5 2. c4 e6 3. g3 Nf6 4. Bg2 Be7 5. O-O O-O 6. d4 dxc4 7. Ne5 Nc6 8.
Nxc6 bxc6 9. Na3 Bxa3 10. bxa3 Nd5 11. Qa4 Nb6 12. Qxc6 Rb8 13. Qc5 Qd7 14. e4
Ba6 15. Bf4 Rbc8 16. Rab1 Rfd8 17. Rfd1 Qa4 18. Rdc1 Rd7 19. Bf3 Bb7 20. Rb5 a6
21. Ra5 Qc6 22. Qh5 Rxd4 23. Rg5 Nd7 24. Rxg7+ Kxg7 25. Be5+ Nxe5 26. Qxe5+ f6
27. Qxd4 e5 28. Qc3 Rd8 29. Qb4 Rd4 30. Rb1 c3 31. Qe7+ Kg6 32. Rxb7 c2 33. Rb8
c1=Q+ 34. Kg2 Q6c4 35. Be2 Rd2 36. Qe8+ Kg7 37. Qh8+ Kh6 38. Qxf6# 1-0

[Event "CAN-op"]
[Site "Montreal CAN"]
[Date "2014.07.23"]
[Round "6"]
[White "Gerzhoy, Leonid"]
[Black "Panjwani, Raja"]
[Result "0-1"]
[WhiteElo "2481"]
[BlackElo "2432"]
[PlyCount "80"]
[EventDate "2014.07.19"]
[EventType "swiss"]
[EventRounds "9"]
[EventCountry "CAN"]

1. d4 Nf6 2. c4 e6 3. Nc3 Bb4 4. e3 Nc6 5. Bd3 O-O 6. Nge2 e5 7. O-O Bxc3 8.
bxc3 d6 9. e4 Re8 10. f3 Nd7 11. f4 b6 12. fxe5 dxe5 13. Be3 exd4 14. cxd4 Nb4
15. Bb1 c5 16. Nf4 Nc6 17. e5 cxd4 18. e6 fxe6 19. Nxe6 Rxe6 20. Bxh7+ Kh8 21.
Qh5 Nf6 22. Rxf6 Qxf6 23. Bg5 Qxg5 24. Qxg5 Kxh7 25. Rf1 Re5 26. Qh4+ Kg8 27.
g4 Re4 28. Qh5 Be6 29. g5 Ne5 30. h3 Rf8 31. Rxf8+ Kxf8 32. g6 d3 33. Kf2 d2
34. Qh8+ Bg8 35. Qh5 Re1 36. Qf5+ Ke8 37. Qc8+ Ke7 38. Qxg8 Rf1+ 39. Kxf1 d1=Q+
40. Kf2 Qf3+ 0-1

[Event "CAN-op"]
[Site "Montreal CAN"]
[Date "2014.07.24"]
[Round "7"]
[White "Panjwani, Raja"]
[Black "Sevian, Samuel"]
[Result "1/2-1/2"]
[WhiteElo "2432"]
[BlackElo "2464"]
[PlyCount "88"]
[EventDate "2014.07.19"]
[EventType "swiss"]
[EventRounds "9"]
[EventCountry "CAN"]

1. Nf3 d5 2. d4 Nf6 3. c4 c6 4. e3 Bg4 5. h3 Bxf3 6. Qxf3 e6 7. Nc3 Nbd7 8.
cxd5 exd5 9. Bd3 Bd6 10. g4 Nf8 11. Bd2 Ne6 12. h4 Nd7 13. O-O-O Qe7 14. g5
O-O-O 15. Qg4 g6 16. f4 f5 17. Qg2 Ng7 18. h5 gxh5 19. Ne2 Qf7 20. Ng3 h6 21.
Nxh5 Nxh5 22. g6 Nxf4 23. exf4 Qf6 24. Rh5 Qxd4 25. Bxf5 Rhf8 26. g7 Rg8 27.
Bc3 Bxf4+ 28. Kc2 Qa4+ 29. b3 Qxa2+ 30. Bb2 Qa5 31. Qf2 Qc7 32. Rf1 Bg3 33.
Bxd7+ Rxd7 34. Qf8+ Rd8 35. Qxg8 Rxg8 36. Rf8+ Qd8 37. Rxg8 Qxg8 38. Rxh6 Kd7
39. Rh8 Qe6 40. Kb1 Qe1+ 41. Ka2 Qa5+ 42. Kb1 Qe1+ 43. Ka2 Qa5+ 44. Kb1 Qe1+
1/2-1/2

[Event "CAN-op"]
[Site "Montreal CAN"]
[Date "2014.07.25"]
[Round "8"]
[White "Moradiabadi, Elshan"]
[Black "Panjwani, Raja"]
[Result "1-0"]
[WhiteElo "2593"]
[BlackElo "2432"]
[PlyCount "111"]
[EventDate "2014.07.19"]
[EventType "swiss"]
[EventRounds "9"]
[EventCountry "CAN"]

1. Nf3 Nf6 2. d4 d6 3. g3 g6 4. Bg2 Bg7 5. O-O O-O 6. a4 a5 7. Nc3 d5 8. Ne5 c6
9. Bf4 Nh5 10. Bc1 Nd7 11. Nxd7 Qxd7 12. Ra3 f5 13. Rb3 e6 14. Bf3 Qd8 15. Bxh5
gxh5 16. Bf4 b6 17. e3 Ba6 18. Re1 b5 19. Qxh5 b4 20. Ne2 Qe8 21. Qh4 c5 22.
dxc5 e5 23. Bh6 Rc8 24. Bxg7 Kxg7 25. Nc1 Bc4 26. Rd3 Bxd3 27. Nxd3 e4 28. Nf4
Rxc5 29. Rd1 Qf7 30. Qg5+ Kh8 31. Qh6 Rfc8 32. Qb6 R8c6 33. Qd8+ Qg8 34. Qd7
Qg4 35. Qe8+ Kg7 36. Qe7+ Kg8 37. Rf1 Qg7 38. Qd8+ Qf8 39. Qg5+ Kh8 40. Rd1 Qf6
41. Qh5 Qf8 42. Rd2 Rd6 43. Kg2 Rh6 44. Qd1 Qd8 45. c4 bxc3 46. bxc3 Rd6 47.
Rb2 Rc4 48. Rb5 Qg8 49. h3 d4 50. cxd4 Rb4 51. Rxa5 Qc4 52. Ra8+ Kg7 53. Qh5
Rb1 54. Qg5+ Rg6 55. Nh5+ Kf7 56. Qxf5+ 1-0

[Event "World op"]
[Site "Arlington USA"]
[Date "2014.07.03"]
[Round "2.3"]
[White "Panjwani, Raja"]
[Black "Laznicka, Viktor"]
[Result "0-1"]
[WhiteElo "2432"]
[BlackElo "2679"]
[PlyCount "78"]
[EventDate "2014.06.30"]
[EventType "swiss"]
[EventRounds "9"]
[EventCountry "USA"]
[Source "Chess Mix"]

1. Nf3 d5 2. d4 Nf6 3. c4 c6 4. Nc3 a6 5. e3 b5 6. b3 Bg4 7. h3 Bxf3 8. Qxf3 e5
9. c5 Nbd7 10. Be2 g6 11. a3 Bg7 12. Bb2 O-O 13. O-O Re8 14. b4 Nh5 15. g4 Nhf6
16. a4 Rb8 17. axb5 axb5 18. Ra7 exd4 19. exd4 Nf8 20. Bd3 Ne6 21. Ne2 Ra8 22.
Rxa8 Qxa8 23. h4 Ne4 24. Ra1 Qb8 25. Ra6 Qb7 26. Rb6 Qc8 27. g5 h6 28. gxh6
Bxh6 29. Bxe4 dxe4 30. Qg3 Ng7 31. d5 cxd5 32. Nf4 Qf5 33. Nxg6 e3 34. fxe3
Qb1+ 35. Kg2 Qxb2+ 36. Kh3 fxg6 37. Rxg6 Qe2 38. e4 Qxe4 39. Rxh6 Qf5+ 0-1

[Event "Edmonton int."]
[Site "Edmonton CAN"]
[Date "2014.06.21"]
[Round "1.1"]
[White "Panjwani, Raja"]
[Black "Ivanchuk, Vassily"]
[Result "0-1"]
[WhiteElo "2440"]
[BlackElo "2738"]
[PlyCount "74"]
[EventDate "2014.06.21"]
[EventType "tourn"]
[EventRounds "9"]
[EventCountry "CAN"]
[EventCategory "10"]

1. Nf3 c5 2. c4 Nf6 3. Nc3 e6 4. g3 b6 5. Bg2 Bb7 6. O-O Be7 7. b3 O-O 8. Bb2
d6 9. e3 Nbd7 10. d4 Ne4 11. Qe2 f5 12. Nxe4 Bxe4 13. Rfd1 Qe8 14. Ne1 Nf6 15.
f3 Bb7 16. Nd3 Rc8 17. e4 cxd4 18. e5 Nd7 19. Bxd4 dxe5 20. Nxe5 Nxe5 21. Bxe5
Rf7 22. f4 Bc5+ 23. Kh1 Bxg2+ 24. Qxg2 Rd7 25. Rxd7 Qxd7 26. Qf3 Rd8 27. Bc3 a5
28. Kg2 h6 29. Rc1 g5 30. h3 Qd3 31. Qh5 Qe4+ 32. Kh2 gxf4 33. Qg6+ Kf8 34.
Qg7+ Ke8 35. Qg8+ Kd7 36. Rd1+ Kc6 37. Qxd8 Qe2+ 0-1

[Event "Edmonton int."]
[Site "Edmonton CAN"]
[Date "2014.06.22"]
[Round "2.4"]
[White "Yam, Alex"]
[Black "Panjwani, Raja"]
[Result "0-1"]
[WhiteElo "2299"]
[BlackElo "2440"]
[PlyCount "50"]
[EventDate "2014.06.21"]
[EventType "tourn"]
[EventRounds "9"]
[EventCountry "CAN"]
[EventCategory "10"]

1. e4 c5 2. Nf3 Nc6 3. c3 d5 4. exd5 Qxd5 5. d4 Bf5 6. Be3 Nf6 7. Nbd2 cxd4 8.
Bc4 Qa5 9. Nxd4 Nxd4 10. Bxd4 O-O-O 11. Qe2 e5 12. Nb3 Qc7 13. Bxe5 Bd6 14.
Bxd6 Rxd6 15. O-O Re8 16. Qf3 Bd7 17. Bd3 Ng4 18. Rfe1 Rde6 19. Rxe6 Qxh2+ 20.
Kf1 Rxe6 21. Be4 Bb5+ 22. c4 Bxc4+ 23. Ke1 Nf6 24. Nc5 Nxe4 25. Nxe4 Qh1+ 0-1

[Event "Edmonton int."]
[Site "Edmonton CAN"]
[Date "2014.06.23"]
[Round "3.2"]
[White "Panjwani, Raja"]
[Black "So, Wesley"]
[Result "0-1"]
[WhiteElo "2440"]
[BlackElo "2744"]
[PlyCount "46"]
[EventDate "2014.06.21"]
[EventType "tourn"]
[EventRounds "9"]
[EventCountry "CAN"]
[EventCategory "10"]

1. Nf3 d5 2. c4 d4 3. b4 f6 4. e3 e5 5. c5 a5 6. Bb5+ c6 7. Bc4 axb4 8. Nxe5
fxe5 9. Qh5+ g6 10. Qxe5+ Qe7 11. Qxh8 Nf6 12. d3 Be6 13. Nd2 Nbd7 14. a3 dxe3
15. fxe3 b3 16. Ne4 Nxe4 17. Bxe6 Qh4+ 18. g3 Nxg3 19. Rg1 Ne4+ 20. Kd1 Ndxc5
21. Qe5 Nf2+ 22. Ke2 Nfxd3 23. Qd4 Qf2+ 0-1

[Event "Edmonton int."]
[Site "Edmonton CAN"]
[Date "2014.06.24"]
[Round "4.5"]
[White "Pechenkin, Vladimir"]
[Black "Panjwani, Raja"]
[Result "0-1"]
[WhiteElo "2311"]
[BlackElo "2440"]
[PlyCount "112"]
[EventDate "2014.06.21"]
[EventType "tourn"]
[EventRounds "9"]
[EventCountry "CAN"]
[EventCategory "10"]

1. c4 g6 2. Nc3 Bg7 3. g3 c5 4. Bg2 Nc6 5. Nf3 d6 6. O-O e6 7. d3 Nge7 8. Bg5
h6 9. Bd2 b6 10. Rb1 Bb7 11. a3 Qd7 12. b4 Rd8 13. e3 O-O 14. Qe2 Ba8 15. Rfd1
Qc8 16. Nb5 g5 17. h3 Ng6 18. Bc3 e5 19. Be1 f5 20. Nc3 Nce7 21. Nh2 Bxg2 22.
Kxg2 Rf7 23. a4 Rdf8 24. a5 cxb4 25. Rxb4 Nc6 26. Rb5 Nxa5 27. Nd5 Nc6 28. Qh5
Nge7 29. Ra1 e4 30. d4 f4 31. Qg4 Rf5 32. Nxe7+ Nxe7 33. Rxa7 fxe3 34. Rxe7
exf2 35. Rxf5 fxe1=Q 36. Rxf8+ Qxf8 37. Qe6+ Kh7 38. Rf7 Qd2+ 39. Kh1 Qe1+ 40.
Kg2 Qe2+ 41. Kh1 Qd1+ 42. Kg2 Qc2+ 43. Kh1 Qb1+ 44. Kg2 Qb2+ 45. Kh1 Qa1+ 46.
Kg2 Qa2+ 47. Kh1 Qfa8 48. Rxg7+ Kxg7 49. Qe7+ Kg8 50. Qe6+ Kf8 51. Qxd6+ Ke8
52. Qe6+ Kd8 53. Qxb6+ Kd7 54. Qb5+ Qc6 55. Qf5+ Kc7 56. Qf7+ Qd7 0-1

[Event "Edmonton int."]
[Site "Edmonton CAN"]
[Date "2014.06.25"]
[Round "5.4"]
[White "Panjwani, Raja"]
[Black "Krush, Irina"]
[Result "1-0"]
[WhiteElo "2440"]
[BlackElo "2484"]
[PlyCount "61"]
[EventDate "2014.06.21"]
[EventType "tourn"]
[EventRounds "9"]
[EventCountry "CAN"]
[EventCategory "10"]

1. Nf3 d5 2. d4 Nf6 3. c4 e6 4. e3 b6 5. Bd3 Bd6 6. O-O Bb7 7. b3 Qe7 8. Nc3 a6
9. Bb2 Nbd7 10. cxd5 exd5 11. a3 O-O 12. b4 b5 13. Nd2 Nb6 14. Re1 Ne4 15.
Ndxe4 dxe4 16. Bc2 f5 17. Bb3+ Kh8 18. Rc1 f4 19. exf4 Bxf4 20. Rc2 e3 21. fxe3
Bxe3+ 22. Kh1 Qg5 23. d5 Rad8 24. Ne4 Qf4 25. Ng3 Rg8 26. Nh5 Qg5 27. Nxg7 Rxg7
28. Bxg7+ Kxg7 29. Rxc7+ Rd7 30. Rxd7+ Nxd7 31. Qe2 1-0

[Event "Edmonton int."]
[Site "Edmonton CAN"]
[Date "2014.06.26"]
[Round "6.5"]
[White "Haessel, Dale"]
[Black "Panjwani, Raja"]
[Result "1/2-1/2"]
[WhiteElo "2168"]
[BlackElo "2440"]
[PlyCount "166"]
[EventDate "2014.06.21"]
[EventType "tourn"]
[EventRounds "9"]
[EventCountry "CAN"]
[EventCategory "10"]

1. Nf3 c5 2. c4 g6 3. g3 b6 4. Bg2 Bb7 5. Nc3 Bg7 6. O-O Nf6 7. Re1 O-O 8. e4
Nc6 9. a3 Ne8 10. Rb1 Nd6 11. d3 f5 12. e5 Nf7 13. Bf4 e6 14. h4 d6 15. exd6 e5
16. Nxe5 Bxe5 17. Bxc6 Bxc6 18. Bxe5 Nxe5 19. Rxe5 Qxd6 20. Qe2 Be4 21. Rxe4
fxe4 22. dxe4 Rad8 23. Nd5 Qe5 24. Kg2 b5 25. f4 Qe6 26. Re1 bxc4 27. Qxc4 Rf7
28. Re2 Re8 29. Qxc5 Rc8 30. Qd4 Qa6 31. Rf2 Rc4 32. Qe5 Qc6 33. h5 gxh5 34.
Ne7+ Rxe7 35. Qxe7 Rxe4 36. Qg5+ Kh8 37. Kh2 Re1 38. Rg2 Qc1 39. Qd8+ Kg7 40.
Qd4+ Kg8 41. Qd5+ Kg7 42. Rd2 Rh1+ 43. Qxh1 Qxd2+ 44. Qg2 Qd4 45. Qe2 Kf8 46.
Kh3 Qd5 47. Kh2 h6 48. b4 Qd4 49. Qc2 Kg7 50. Qc7+ Kg8 51. Qb8+ Kf7 52. Qb7+
Kg8 53. Qf3 Kf8 54. Kh3 Qg1 55. b5 Ke7 56. a4 Kf8 57. a5 Ke7 58. Qg2 Qd1 59.
Kh2 Qd4 60. a6 h4 61. Qe2+ Kd8 62. Kh3 hxg3 63. Kxg3 Qc3+ 64. Kh2 Qd4 65. Qe5
Qf2+ 66. Kh3 h5 67. Qd5+ Kc7 68. Qc6+ Kd8 69. Qd6+ Kc8 70. Qc6+ Kd8 71. Qd5+
Kc7 72. f5 Kb6 73. Qc6+ Ka5 74. f6 h4 75. Kg4 Qd4+ 76. Kh5 h3 77. f7 Qh8+ 78.
Kg6 h2 79. Qh1 Kxb5 80. Qf1+ Kb6 81. Qf2+ Kxa6 82. Qe2+ Ka5 83. Qd2+ Ka4
1/2-1/2

[Event "Edmonton int."]
[Site "Edmonton CAN"]
[Date "2014.06.28"]
[Round "8.4"]
[White "Shankland, Sam"]
[Black "Panjwani, Raja"]
[Result "1-0"]
[WhiteElo "2632"]
[BlackElo "2440"]
[PlyCount "97"]
[EventDate "2014.06.21"]
[EventType "tourn"]
[EventRounds "9"]
[EventCountry "CAN"]
[EventCategory "10"]

1. e4 c5 2. Nf3 g6 3. d4 cxd4 4. Nxd4 Nc6 5. c4 Bg7 6. Be3 Nf6 7. Nc3 Ng4 8.
Qxg4 Nxd4 9. Qd1 e5 10. Bd3 d6 11. O-O O-O 12. Ne2 Nc6 13. Qd2 Be6 14. b3 f5
15. Bg5 Qe8 16. exf5 gxf5 17. Bc2 f4 18. Qxd6 Bf5 19. Bxf5 Rxf5 20. Qd5+ Kh8
21. Bxf4 Ne7 22. Qxb7 exf4 23. Rae1 Rb8 24. Qxa7 Ra8 25. Qb7 Rb8 26. Qa7 Re5
27. Nxf4 Nf5 28. Nd3 Rxe1 29. Rxe1 Qd8 30. Qf7 Nh6 31. Qf3 Qa5 32. Re2 Rd8 33.
g3 Qc3 34. Ne1 Qa1 35. Kg2 Rf8 36. Qc6 Qd4 37. Nf3 Qd8 38. Qe4 Nf5 39. c5 Qd1
40. b4 h6 41. b5 Bd4 42. Re1 Qa4 43. c6 Qxa2 44. Nxd4 Nh4+ 45. Kh3 Qxf2 46. c7
Ng2 47. Re2 Qf7 48. Qe5+ Kh7 49. Qe7 1-0

[Event "Edmonton int."]
[Site "Edmonton CAN"]
[Date "2014.06.29"]
[Round "9.3"]
[White "Panjwani, Raja"]
[Black "Kovalyov, Anton"]
[Result "0-1"]
[WhiteElo "2440"]
[BlackElo "2636"]
[PlyCount "78"]
[EventDate "2014.06.21"]
[EventType "tourn"]
[EventRounds "9"]
[EventCountry "CAN"]
[EventCategory "10"]

1. d4 Nf6 2. Nf3 b6 3. c4 e6 4. Nc3 Bb4 5. g3 Bxc3+ 6. bxc3 Nc6 7. Bg2 Bb7 8.
Nd2 O-O 9. O-O Re8 10. e4 e5 11. f4 d6 12. fxe5 dxe5 13. d5 Nb8 14. c5 bxc5 15.
Rb1 Ba6 16. c4 Qd6 17. Qa4 Nbd7 18. Ba3 Reb8 19. Rxb8+ Rxb8 20. Nb3 Bc8 21. Qa5
Qb6 22. Qc3 a5 23. Nc1 Ne8 24. Nd3 Nd6 25. Qc2 Nxc4 26. Qf2 f6 27. Bc1 Ba6 28.
Qf5 Nf8 29. Qg4 Kh8 30. h4 Nd6 31. h5 Bxd3 32. h6 Ne8 33. hxg7+ Nxg7 34. Bh6
Ng6 35. Qd7 Ne8 36. Bh3 Qd6 37. Qf7 Qe7 38. Rxf6 Qxf6 39. Bg7+ Qxg7 0-1